00527nam a2200109Ia 4500008004100000050002000041100002900061245019800090260008600288300002000374521002300394140724s9999 xx 000 0 und d aP 1b.B737 2011 aBorromeo, Joaquin Marco. aEffects of using tagLish on the programming, strategies, and ratings of the top five FM Radio Stations as perceived by selected communication students in Metro Manila /cJoaquin Marco Borromeo. aLas Piñas, Philippines :bSouthville International School and Colleges,cc2011. a47 p. :c28 cm. aMass Communication